000 02042nab a2200301 a 4500
005 20250918102622.0
008 991125c2017 sp tr p o 000 0 spa d
035 _aUPN01000221021
040 _aUPN
_bspa
_cUPN
_eaacr2
049 _aART-E
100 1 _aSoubrier, Esther
_6- esthersoubrier@gmail.com
100 1 _aEsteve, Rosa
100 1 _aRamírez Maestre, Carmen
245 1 0 _aAdaptación de las escalas “Tenacious Goal Pursuit and Flexible Goal Adjustment” y “Goal Disengagement and Goal Reengagement”
_h[recurso electrónico en línea]
506 0 _aAcceso abierto
520 3 _aEl objetivo de este estudio es realizar la adaptación y validación al castellano de las escalas “Tenacious Goal Pursuit and Flexible Goal Adjustment” y “Goal Disengagement and Goal Reengagement”. La muestra se compone de 681 estudiantes de la Facultad de Psicología de Málaga. El análisis factorial exploratorio muestra el mismo número de factores a seleccionar que las escalas originales, ratificado mediante análisis factorial confirmatorio. El alfa de Cronbach, la fiabilidad test-retest y las correlaciones entre escalas también son similares a las de los instrumentos originales. Se estudia la validez de criterio mediante correlaciones con medidas de afecto positivo y negativo y bienestar, con una muestra diferente de 201 estudiantes. Por todo ello, y a pesar de la limitación de que la muestra esté compuesta únicamente por universitarios, se considera si bien la adaptación muestra propiedades psicométricas aceptables, se debe seguir trabajando en su mejora.
653 0 _aMotivación
653 0 _aFlexibilidad
653 0 _aDesvinculación
653 0 _aValidación de pruebas
653 0 _aMetas
773 _gVol. 10, no. 2 (2017), p. 103-115
_tEscritos de psicología
_x1989-3809
856 4 _uhttps://revistas.uma.es/index.php/espsi/article/view/13181
856 4 _uhttps://doi.org/10.24310/espsiescpsi.v10i2.13181
902 _aGloria Jiménez/0624
905 _aArticulo
942 _cART-E
999 _c193120
_d193120